Guilty men of India's partition / (Record no. 165518)

MARC details
000 -LEADER
fixed length control field 00659nam a22001817a 4500
005 - DATE AND TIME OF LATEST TRANSACTION
control field 20190620164530.0
010 ## - LCCN (DPL NO)
LC control number B-728391
020 ## - INTERNATIONAL STANDARD BOOK NUMBER
International Standard Book Number 9789386223531
Terms of availability 150.00
035 ## - SYSTEM CONTROL NUMBER
System control number B-728391
037 ## - SOURCE OF ACQUISITION
Source of stock number/acquisition B.R. Publishing Corporation
082 ## - DEWEY DECIMAL CLASSIFICATION NUMBER
Classification number 954.08
100 ## - MAIN ENTRY--PERSONAL NAME
Personal name Lohia, Rammanohar
245 ## - TITLE STATEMENT
Title Guilty men of India's partition /
Statement of responsibility, etc by Rammanohar Lohia
260 ## - PUBLICATION, DISTRIBUTION, ETC. (IMPRINT)
Place of publication, distribution, etc Delhi
Name of publisher, distributor, etc B.R. Publishing Corporation
Date of publication, distribution, etc 2019
300 ## - PHYSICAL DESCRIPTION
Extent 101p.
Dimensions 22cm (pbk)
942 ## - ADDED ENTRY ELEMENTS (KOHA)
Source of classification or shelving scheme Dewey Decimal Classification
Item type English Books
Classification part 954.08
Call number suffix LOH
Holdings
Withdrawn status Lost status Not for loan Collection code Home library Current library Date acquired Source of acquisition Cost, normal purchase price Full call number Barcode Copy number Cost, replacement price Koha item type Public note
      Non-fiction Sarojini Nagar Sarojini Nagar 20/06/2019 RK Books/IN457/2019-20/03.06.2019/07/29.06.2019/17.06.2019 150.00 954.08 LOH B-728391 1 150.00 English Books Spl. power

© Delhi Public Library
Hit Counter
free hit counter